000 00753cam a2200241 a 4500
001 1106757
005 20180126093844.0
008 930817s1994 nhua b 000 0 eng
010 _a 93021095
020 _a0435088173
020 _a0435088092 (pbk.)
040 _aDLC
_cDLC
_dDLC
041 _aeng
080 _a808.0420712 CAL
082 0 0 _a808.0420712 CAL
_220
100 1 _a47
101 _aEDU
245 1 4 _aThe art of teaching writing /
_cLucy McCormick Calkins.
504 _aIncludes bibliographical references (p. 541-547).
906 _a7
_bcbc
_corignew
_d1
_eocip
_f19
_gy-gencatlg
942 _2ddc
_cBK
999 _c41056
_d41056